00614nam a2200181 a 4500001001000000003000900010005001700019007000300036008004100039040002200080049000900102100004400111245016800155260005900323300002000382942001300402999001700415000031833DO-SdBNP20250307083230.0ta110706s1974 dr 000 0 spa d aBNPHUbspacBNPHU aBNPD1 a Balaguer, Joaquín,d1906-200297655600aDiscurso pronunciado por el excelentísimo señor presidente de la República Doctor Joaquín Balaguer en el Congreso Nacional, el día 27 de febrero de 1974. aSanto Domingo :bPresidencia de la República,c1974. a55 p. ;c22 cm. 2ddccLF2 c55328d55328